000 01424nam a2200349Ia 4500
001 ebr10120622
003 CaPaEBR
006 m u
007 cr cn|||||||||
008 050406s2005 enkab sb 000 0 eng d
010 _z 2005009432
020 _z1853598135 (hbk.)
040 _aCaPaEBR
_cCaPaEBR
035 _a(OCoLC)133161748
050 1 4 _aP40.5.L352
_bC94 2005eb
082 0 4 _a306.44/94
_222
245 0 4 _aThe Czech Republic, the European Union and Northern Ireland
_h[electronic resource] /
_cedited by Robert B. Kaplan and Richard B. Baldauf, Jr.
260 _aClevedon ;
_aBuffalo, NY :
_bMultilingual Matters Ltd.,
_cc2005-
300 _a314 p. :
_bill., maps.
490 1 _aLanguage planning and policy
490 0 _aLanguage planning and policy in Europe ;
_vv. 2
504 _aIncludes bibliographical references.
533 _aElectronic reproduction.
_bPalo Alto, Calif. :
_cebrary,
_d2009.
_nAvailable via World Wide Web.
_nAccess may be limited to ebrary affiliated libraries.
650 0 _aLanguage planning
_zEurope.
650 0 _aLanguage policy
_zEurope.
655 7 _aElectronic books.
_2local
700 1 _aBaldauf, Richard B.,
_d1943-
700 1 _aKaplan, Robert B.
710 2 _aebrary, Inc.
830 0 _aLanguage planning and policy.
856 4 0 _uhttp://site.ebrary.com/lib/rucke/Doc?id=10120622
_zAn electronic book accessible through the World Wide Web; click to view
999 _c111617
_d111617